|
|
|
|
| LEADER |
00911nam a2200229 a 4500 |
| 001 |
12752578 |
| 008 |
101202r2001 xxu d 000 0 eng d |
| 010 |
|
|
|a 2002281495
|
| 020 |
|
|
|a 8123907419
|
| 020 |
|
|
|a 1888777540
|
| 040 |
|
|
|a DLC
|c DLC
|d DLC
|d BD-DhAAL
|
| 082 |
0 |
0 |
|a 004/.03
|2 21
|
| 245 |
0 |
4 |
|a The new international Webster's pocket computer dictionary of the English language.
|
| 246 |
3 |
0 |
|a Webster's pocket computer dictionary
|
| 250 |
|
|
|a New rev. [2000] ed.
|
| 260 |
|
|
|a [S.l.] :
|b Trident Press International ;
|a New Delhi :
|b CBS Publishers & Distributors,
|c 2001. [Reprinted]
|
| 300 |
|
|
|a 316 p. ;
|c 17 cm.
|
| 541 |
|
|
|e 00009650
|
| 650 |
|
0 |
|a Computers
|v Dictionaries.
|
| 852 |
4 |
|
|a Ayesha Abed Library
|j General shelf
|
| 999 |
|
|
|c 10145
|d 10145
|
| 952 |
|
|
|0 0
|1 0
|2 ddc
|4 0
|6 004_030000000000000_NEW
|7 0
|9 13443
|a BRACUL
|b BRACUL
|c GEN
|d 2010-12-06
|l 3
|m 8
|o 004.03 NEW
|p 3010009650
|r 2022-12-18
|s 2022-12-01
|t 1
|w 2010-12-06
|y BK
|